000
00343cam a2200169ua 4500
001
8676
008
130819n ii |||gr||||Z||||||eng
040
_a
MAIN
041
_a
English
082
_b
BHU
100
_a
Bhuyan,Apurba.
245
_a
Aina
250
_a
1st.
260
_a
Jorhat:
_b
Ekalabya Prakashan.
300
_a
94.
942
_c
BK
999
_c
8664
_d
8664